[Event "Elite Hotels Open 2025"]
[Site "Elite Stadshotellet, Växjö, Sweden"]
[Date "2025.02.09"]
[Round "7.9"]
[White "Bjorkman, Filip"]
[Black "Eklund, Joel"]
[Result "1-0"]
[TimeControl "R1-4: 15 min + 5 sek, R5-8: 90 min + 30 sek"]
[WhiteElo "2117"]
[BlackElo "2205"]

1. e4 {[%clk 01:30:58]} c6 {[%clk 01:30:27]} {[%emt 00:00:34]} 2. d4 {[%clk
01:31:20]} {[%emt 00:00:08]} d5 {[%clk 01:30:50]} {[%emt 00:00:07]} 3. e5
{[%clk 01:31:46]} {[%emt 00:00:04]} Bf5 {[%clk 01:31:04]} {[%emt 00:00:16]} 4.
h4 {[%clk 01:32:08]} {[%emt 00:00:07]} h5 {[%clk 01:31:23]} {[%emt 00:00:12]} 5.
Bd3 {[%clk 01:32:29]} {[%emt 00:00:08]} Bxd3 {[%clk 01:31:43]} {[%emt
00:00:11]} 6. Qxd3 {[%clk 01:32:57]} {[%emt 00:00:01]} Qa5+ {[%clk 01:31:51]}
{[%emt 00:00:22]} 7. Nd2 {[%clk 01:32:26]} {[%emt 00:01:01]} e6 {[%clk
01:32:00]} {[%emt 00:00:22]} 8. Ngf3 {[%clk 01:31:54]} {[%emt 00:01:01]} Qa6
{[%clk 01:31:47]} {[%emt 00:00:44]} 9. Qxa6 {[%clk 01:30:44]} {[%emt 00:01:39]}
Nxa6 {[%clk 01:31:52]} {[%emt 00:00:25]} 10. c3 {[%clk 01:31:07]} {[%emt
00:00:07]} Nh6 {[%clk 01:30:42]} {[%emt 00:01:41]} 11. Nf1 {[%clk 01:31:14]}
{[%emt 00:00:23]} c5 {[%clk 01:27:43]} {[%emt 00:03:29]} 12. Bxh6 {[%clk
01:27:12]} {[%emt 00:04:31]} Rxh6 {[%clk 01:27:44]} {[%emt 00:00:28]} 13. Ng3
{[%clk 01:27:20]} {[%emt 00:00:24]} Be7 {[%clk 01:24:54]} {[%emt 00:03:20]} 14.
Ke2 {[%clk 01:27:43]} {[%emt 00:00:07]} Rh8 {[%clk 01:23:26]} {[%emt 00:01:58]}
15. Ng5 {[%clk 01:25:07]} {[%emt 00:03:05]} Bxg5 {[%clk 01:20:11]} {[%emt
00:03:46]} 16. hxg5 {[%clk 01:25:31]} {[%emt 00:00:06]} g6 {[%clk 01:20:29]}
{[%emt 00:00:12]} 17. Nf1 {[%clk 01:20:56]} {[%emt 00:05:05]} Ke7 {[%clk
01:17:27]} {[%emt 00:03:32]} 18. Ne3 {[%clk 01:21:16]} {[%emt 00:00:11]} Rac8
{[%clk 01:08:28]} {[%emt 00:09:28]} 19. a3 {[%clk 01:17:58]} {[%emt 00:03:47]}
cxd4 {[%clk 01:06:21]} {[%emt 00:02:38]} 20. cxd4 {[%clk 01:18:20]} {[%emt
00:00:07]} Nb8 {[%clk 01:06:44]} {[%emt 00:00:08]} 21. Rac1 {[%clk 01:17:19]}
{[%emt 00:01:31]} Nc6 {[%clk 00:45:42]} {[%emt 00:21:31]} 22. Kd3 {[%clk
01:17:42]} {[%emt 00:00:08]} a5 {[%clk 00:36:00]} {[%emt 00:10:12]} 23. Rc3
{[%clk 00:52:39]} {[%emt 00:25:33]} Kd7 {[%clk 00:25:23]} {[%emt 00:11:07]} 24.
g3 {[%clk 00:52:01]} {[%emt 00:01:07]} a4 {[%clk 00:21:06]} {[%emt 00:04:48]}
25. b4 {[%clk 00:47:49]} {[%emt 00:04:42]} Na7 {[%clk 00:17:40]} {[%emt
00:03:56]} 26. Rxc8 {[%clk 00:47:22]} {[%emt 00:00:57]} Rxc8 {[%clk 00:13:50]}
{[%emt 00:04:20]} 27. g4 {[%clk 00:47:46]} {[%emt 00:00:06]} Nb5 {[%clk
00:14:10]} {[%emt 00:00:10]} 28. gxh5 {[%clk 00:46:49]} {[%emt 00:01:26]} gxh5
{[%clk 00:14:35]} {[%emt 00:00:06]} 29. Nc2 {[%clk 00:46:55]} {[%emt 00:00:24]}
Rh8 {[%clk 00:07:03]} {[%emt 00:08:02]} 30. Rh4 {[%clk 00:29:46]} {[%emt
00:17:38]} Ke7 {[%clk 00:07:19]} {[%emt 00:00:15]} 31. f4 {[%clk 00:27:31]}
{[%emt 00:02:45]} Kf8 {[%clk 00:06:37]} {[%emt 00:01:12]} 32. f5 {[%clk
00:26:24]} {[%emt 00:01:37]} Kg7 {[%clk 00:05:58]} {[%emt 00:01:08]} 33. Kd2
{[%clk 00:25:51]} {[%emt 00:01:04]} exf5 {[%clk 00:04:13]} {[%emt 00:02:16]} 34.
Ne3 {[%clk 00:25:45]} {[%emt 00:00:35]} Kg6 {[%clk 00:04:21]} {[%emt 00:00:21]}
35. Kd3 {[%clk 00:25:33]} {[%emt 00:00:42]} Kxg5 {[%clk 00:03:47]} {[%emt
00:01:05]} 36. Rh1 {[%clk 00:26:02]} {[%emt 00:00:01]} Nc7 {[%clk 00:02:26]}
{[%emt 00:01:51]} 37. Rg1+ {[%clk 00:26:24]} {[%emt 00:00:08]} Kf4 {[%clk
00:02:11]} {[%emt 00:00:45]} 38. Rc1 {[%clk 00:26:46]} {[%emt 00:00:08]} Ne6
{[%clk 00:01:28]} {[%emt 00:01:13]} 39. Rf1+ {[%clk 00:25:04]} {[%emt
00:02:11]} Kg3 {[%clk 00:01:54]} {[%emt 00:00:05]} 40. Nxf5 {[%clk 00:25:21]}
{[%emt 00:00:13]} Kh2 {[%clk 00:01:14]} {[%emt 00:01:10]} 41. Rf2+ {[%clk
00:23:46]} {[%emt 00:02:05]} Kg1 {[%clk 00:01:09]} {[%emt 00:00:35]} 42. Rf3
{[%clk 00:16:56]} {[%emt 00:07:19]} h4 {[%clk 00:01:16]} {[%emt 00:00:24]} 43.
Ne3 {[%clk 00:17:21]} {[%emt 00:00:05]} Ng5 {[%clk 00:00:40]} {[%emt 00:01:06]}
44. Rf5 {[%clk 00:17:45]} {[%emt 00:00:06]} Rg8 {[%clk 00:00:40]} {[%emt
00:00:29]} 45. Nxd5 {[%clk 00:17:35]} {[%emt 00:00:39]} h3 {[%clk 00:00:35]}
{[%emt 00:00:36]} 46. Ne3 {[%clk 00:18:01]} {[%emt 00:00:04]} Ne6 {[%clk
00:00:32]} {[%emt 00:00:34]} 47. Rf1+ {[%clk 00:16:23]} {[%emt 00:02:09]} Kh2
{[%clk 00:01:00]} {[%emt 00:00:01]} 48. Rxf7 {[%clk 00:16:40]} {[%emt
00:00:13]} Kg3 {[%clk 00:01:04]} {[%emt 00:00:25]} 49. d5 {[%clk 00:11:41]}
{[%emt 00:05:30]} Ng5 {[%clk 00:00:57]} {[%emt 00:00:37]} 50. Rf6 {[%clk
00:11:57]} {[%emt 00:00:14]} Nf3 {[%clk 00:00:48]} {[%emt 00:00:38]} 51. e6
{[%clk 00:06:43]} {[%emt 00:05:44]} Kf2 {[%clk 00:01:08]} {[%emt 00:00:11]} 52.
e7 {[%clk 00:07:09]} {[%emt 00:00:04]} h2 {[%clk 00:01:16]} {[%emt 00:00:22]}
53. Rh6 {[%clk 00:06:45]} {[%emt 00:00:54]} Kg1 {[%clk 00:00:58]} {[%emt
00:00:48]} 54. Ke4 {[%clk 00:03:34]} {[%emt 00:03:40]} Nd2+ {[%clk 00:00:35]}
{[%emt 00:00:53]} 55. Kf5 {[%clk 00:03:25]} {[%emt 00:00:39]} h1=Q {[%clk
00:00:38]} {[%emt 00:00:29]} 56. Rxh1+ {[%clk 00:03:49]} {[%emt 00:00:05]} Kxh1
{[%clk 00:01:05]} {[%emt 00:00:03]} 57. d6 {[%clk 00:04:04]} {[%emt 00:00:15]}
Nb3 {[%clk 00:01:25]} {[%emt 00:00:10]} 58. d7 {[%clk 00:03:24]} {[%emt
00:01:10]} Nd4+ {[%clk 00:01:49]} {[%emt 00:00:05]} 59. Kf6 {[%clk 00:03:44]}
{[%emt 00:00:11]} 1-0

[Event "Elite Hotels Open 2025"]
[Site "Elite Stadshotellet, Växjö, Sweden"]
[Date "2025.02.09"]
[Round "7.10"]
[White "Fransson, Patrick"]
[Black "Sevastianov, Andrii"]
[Result "1/2-1/2"]
[TimeControl "R1-4: 15 min + 5 sek, R5-8: 90 min + 30 sek"]
[WhiteElo "2092"]
[BlackElo "2161"]

1. d4 {[%clk 01:30:55]} {[%emt 00:00:04]} d5 {[%clk 01:30:45]} {[%emt
00:00:15]} 2. Bg5 {[%clk 01:31:00]} {[%emt 00:00:26]} h6 {[%clk 01:31:00]}
{[%emt 00:00:14]} 3. Bh4 {[%clk 01:30:41]} {[%emt 00:00:50]} c5 {[%clk
01:31:11]} {[%emt 00:00:19]} 4. dxc5 {[%clk 01:30:17]} {[%emt 00:00:54]} g5
{[%clk 01:31:22]} {[%emt 00:00:17]} 5. Bg3 {[%clk 01:30:44]} {[%emt 00:00:05]}
Bg7 {[%clk 01:31:40]} {[%emt 00:00:11]} 6. c3 {[%clk 01:30:27]} {[%emt
00:00:47]} Nf6 {[%clk 01:31:56]} {[%emt 00:00:14]} 7. Nd2 {[%clk 01:20:48]}
{[%emt 00:10:10]} Nbd7 {[%clk 01:26:15]} {[%emt 00:06:10]} 8. e4 {[%clk
01:15:37]} {[%emt 00:05:42]} Nxc5 {[%clk 01:20:40]} {[%emt 00:06:04]} 9. e5
{[%clk 01:09:42]} {[%emt 00:06:25]} Nfe4 {[%clk 01:20:39]} {[%emt 00:00:31]} 10.
Nxe4 {[%clk 01:08:50]} {[%emt 00:01:23]} Nxe4 {[%clk 01:20:07]} {[%emt
00:01:01]} 11. Bb5+ {[%clk 01:08:49]} {[%emt 00:00:32]} Kf8 {[%clk 01:20:10]}
{[%emt 00:00:27]} 12. Qe2 {[%clk 01:03:23]} {[%emt 00:05:56]} h5 {[%clk
01:16:58]} {[%emt 00:03:41]} 13. f3 {[%clk 00:59:57]} {[%emt 00:03:57]} h4
{[%clk 01:13:10]} {[%emt 00:04:16]} 14. fxe4 {[%clk 00:45:13]} {[%emt
00:15:16]} hxg3 {[%clk 01:12:25]} {[%emt 00:01:14]} 15. O-O-O {[%clk 00:37:14]}
{[%emt 00:08:30]} Bxe5 {[%clk 00:56:33]} {[%emt 00:16:22]} 16. h3 {[%clk
00:23:45]} {[%emt 00:13:59]} a6 {[%clk 00:50:39]} {[%emt 00:06:23]} 17. Bc4
{[%clk 00:22:01]} {[%emt 00:02:15]} Qb6 {[%clk 00:41:37]} {[%emt 00:09:31]} 18.
Bxd5 {[%clk 00:20:57]} {[%emt 00:01:35]} g4 {[%clk 00:41:02]} {[%emt 00:01:04]}
19. Rf1 {[%clk 00:20:27]} {[%emt 00:01:01]} Qh6+ {[%clk 00:40:06]} {[%emt
00:01:25]} 20. Kb1 {[%clk 00:20:08]} {[%emt 00:00:50]} Be6 {[%clk 00:30:52]}
{[%emt 00:09:42]} 21. Bxb7 {[%clk 00:18:07]} {[%emt 00:02:32]} Rb8 {[%clk
00:30:02]} {[%emt 00:01:19]} 22. Qxa6 {[%clk 00:18:04]} {[%emt 00:00:35]} Kg7
{[%clk 00:21:24]} {[%emt 00:09:08]} 23. Ne2 {[%clk 00:16:12]} {[%emt 00:02:21]}
Rxb7 {[%clk 00:19:38]} {[%emt 00:02:15]} 24. Qxb7 {[%clk 00:14:16]} {[%emt
00:02:28]} Rb8 {[%clk 00:18:40]} {[%emt 00:01:26]} 25. Qxe7 {[%clk 00:13:49]}
{[%emt 00:00:58]} Rxb2+ {[%clk 00:14:26]} {[%emt 00:04:43]} 26. Kxb2 {[%clk
00:13:33]} {[%emt 00:00:47]} Qd2+ {[%clk 00:14:42]} {[%emt 00:00:14]} 27. Kb1
{[%clk 00:10:49]} {[%emt 00:03:15]} Qd3+ {[%clk 00:12:08]} {[%emt 00:03:03]} 28.
Kc1 {[%clk 00:09:34]} {[%emt 00:01:46]} Qe3+ {[%clk 00:12:28]} {[%emt
00:00:10]} 29. Kd1 {[%clk 00:09:11]} {[%emt 00:00:53]} Qd3+ {[%clk 00:12:28]}
{[%emt 00:00:29]} 30. Ke1 {[%clk 00:09:18]} {[%emt 00:00:24]} Bxc3+ {[%clk
00:12:19]} {[%emt 00:00:38]} 31. Nxc3 {[%clk 00:09:43]} {[%emt 00:00:06]} Qxc3+
{[%clk 00:12:34]} {[%emt 00:00:14]} 32. Kd1 {[%clk 00:09:58]} {[%emt 00:00:16]}
Qd3+ {[%clk 00:12:14]} {[%emt 00:00:50]} 33. Kc1 {[%clk 00:09:26]} {[%emt
00:01:02]} Qc3+ {[%clk 00:12:14]} {[%emt 00:00:29]} 34. Kb1 {[%clk 00:08:17]}
{[%emt 00:01:39]} Qd3+ {[%clk 00:12:36]} {[%emt 00:00:08]} 35. Kb2 {[%clk
00:07:25]} {[%emt 00:01:22]} Qd2+ {[%clk 00:12:57]} {[%emt 00:00:09]} 36. Ka3
{[%clk 00:07:46]} {[%emt 00:00:05]} Qa5+ {[%clk 00:13:05]} {[%emt 00:00:26]} 37.
Kb2 {[%clk 00:07:53]} {[%emt 00:00:23]} Qxa2+ {[%clk 00:09:45]} {[%emt
00:03:50]} 38. Kc1 {[%clk 00:07:19]} {[%emt 00:01:03]} Qc4+ {[%clk 00:10:04]}
{[%emt 00:00:09]} 39. Kd2 {[%clk 00:05:57]} {[%emt 00:01:54]} Qd4+ {[%clk
00:09:42]} {[%emt 00:00:53]} 40. Kc1 {[%clk 00:05:10]} {[%emt 00:01:18]}
1/2-1/2

[Event "Elite Hotels Open 2025"]
[Site "Elite Stadshotellet, Växjö, Sweden"]
[Date "2025.02.09"]
[Round "7.11"]
[White "Frank, Anton"]
[Black "Fransson, Percy"]
[Result "1-0"]
[TimeControl "R1-4: 15 min + 5 sek, R5-8: 90 min + 30 sek"]
[WhiteTitle "CM"]
[WhiteElo "2160"]
[BlackElo "2100"]

1. e4 {[%clk 01:29:40]} {[%emt 00:01:20]} e6 {[%clk 01:30:47]} {[%emt
00:00:13]} 2. d4 {[%clk 01:30:02]} {[%emt 00:00:08]} d5 {[%clk 01:31:11]}
{[%emt 00:00:06]} 3. e5 {[%clk 01:30:26]} {[%emt 00:00:06]} c5 {[%clk
01:31:04]} {[%emt 00:00:37]} 4. c3 {[%clk 01:30:51]} {[%emt 00:00:05]} Nc6
{[%clk 01:31:30]} {[%emt 00:00:04]} 5. Nf3 {[%clk 01:31:16]} {[%emt 00:00:05]}
Bd7 {[%clk 01:31:29]} {[%emt 00:00:31]} 6. Be2 {[%clk 01:31:39]} {[%emt
00:00:07]} Qc7 {[%clk 01:29:44]} {[%emt 00:02:15]} 7. O-O {[%clk 01:31:54]}
{[%emt 00:00:15]} f6 {[%clk 01:29:26]} {[%emt 00:00:48]} 8. Bf4 {[%clk
01:31:00]} {[%emt 00:01:24]} O-O-O {[%clk 01:21:44]} {[%emt 00:08:13]} 9. Bg3
{[%clk 01:31:21]} {[%emt 00:00:09]} f5 {[%clk 01:22:06]} {[%emt 00:00:08]} 10.
dxc5 {[%clk 01:30:54]} {[%emt 00:00:56]} Bxc5 {[%clk 01:21:24]} {[%emt
00:01:12]} 11. b4 {[%clk 01:31:08]} {[%emt 00:00:16]} Be7 {[%clk 01:19:49]}
{[%emt 00:02:05]} 12. Na3 {[%clk 01:29:51]} {[%emt 00:01:47]} g5 {[%clk
00:53:17]} {[%emt 00:27:03]} 13. Nb5 {[%clk 01:30:00]} {[%emt 00:00:20]} Qb8
{[%clk 00:48:24]} {[%emt 00:05:24]} 14. c4 {[%clk 01:30:22]} {[%emt 00:00:08]}
d4 {[%clk 00:27:10]} {[%emt 00:21:43]} 15. c5 {[%clk 01:10:06]} {[%emt
00:20:45]} f4 {[%clk 00:19:20]} {[%emt 00:08:21]} 16. Bxf4 {[%clk 01:08:58]}
{[%emt 00:01:39]} gxf4 {[%clk 00:19:43]} {[%emt 00:00:07]} 17. Nd6+ {[%clk
01:09:12]} {[%emt 00:00:15]} Bxd6 {[%clk 00:19:07]} {[%emt 00:01:07]} 18. cxd6
{[%clk 01:09:34]} {[%emt 00:00:08]} Be8 {[%clk 00:13:48]} {[%emt 00:05:49]} 19.
Rc1 {[%clk 00:46:48]} {[%emt 00:23:16]} Kd7 {[%clk 00:10:11]} {[%emt 00:04:07]}
20. b5 {[%clk 00:42:37]} {[%emt 00:04:40]} Nxe5 {[%clk 00:04:31]} {[%emt
00:06:11]} 21. Nxe5+ {[%clk 00:36:41]} {[%emt 00:06:26]} Kxd6 {[%clk 00:04:49]}
{[%emt 00:00:12]} 22. Qxd4+ {[%clk 00:35:51]} {[%emt 00:01:19]} Ke7 {[%clk
00:05:12]} {[%emt 00:00:07]} 23. Ng6+ {[%clk 00:34:12]} {[%emt 00:02:10]} Bxg6
{[%clk 00:05:26]} {[%emt 00:00:15]} 24. Qxh8 {[%clk 00:34:36]} {[%emt
00:00:06]} Nf6 {[%clk 00:05:12]} {[%emt 00:00:44]} 25. Qg7+ {[%clk 00:34:34]}
{[%emt 00:00:32]} Bf7 {[%clk 00:05:13]} {[%emt 00:00:29]} 26. Rfd1 {[%clk
00:32:56]} {[%emt 00:02:08]} Rg8 {[%clk 00:04:17]} {[%emt 00:01:27]} 27. Qh6
{[%clk 00:33:25]} {[%emt 00:00:01]} Rg6 {[%clk 00:03:53]} {[%emt 00:00:53]} 28.
Qh3 {[%clk 00:33:39]} {[%emt 00:00:16]} Nd5 {[%clk 00:02:21]} {[%emt 00:02:02]}
29. Bf3 {[%clk 00:31:04]} {[%emt 00:03:05]} Kf6 {[%clk 00:02:01]} {[%emt
00:00:51]} 30. Bxd5 {[%clk 00:25:35]} {[%emt 00:05:59]} exd5 {[%clk 00:02:27]}
{[%emt 00:00:03]} 31. Qc3+ {[%clk 00:25:53]} {[%emt 00:00:11]} Qe5 {[%clk
00:01:56]} {[%emt 00:01:02]} 32. Qxe5+ Kxe5 {[%clk 00:02:25]} 33. Rc7 {[%clk
00:26:18]} {[%emt 00:00:11]} Be6 {[%clk 00:01:22]} {[%emt 00:01:34]} 34. Rxb7
{[%clk 00:26:46]} {[%emt 00:00:02]} d4 {[%clk 00:01:38]} {[%emt 00:00:15]} 35.
Rxa7 {[%clk 00:26:30]} {[%emt 00:00:46]} f3 {[%clk 00:01:31]} {[%emt 00:00:36]}
36. g3 {[%clk 00:26:48]} {[%emt 00:00:12]} Bc4 {[%clk 00:01:45]} {[%emt
00:00:16]} 37. Re7+ {[%clk 00:24:14]} {[%emt 00:03:04]} Kd5 {[%clk 00:00:43]}
{[%emt 00:01:33]} 38. Rd7+ {[%clk 00:23:50]} {[%emt 00:00:53]} Kc5 {[%clk
00:01:12]} 39. R7xd4 {[%clk 00:22:21]} {[%emt 00:01:59]} Bxb5 {[%clk 00:01:28]}
{[%emt 00:00:14]} 40. Rf4 {[%clk 00:20:53]} {[%emt 00:01:58]} Be2 {[%clk
00:01:45]} {[%emt 00:00:14]} 41. Ra1 {[%clk 00:21:22]} Kb5 {[%clk 00:01:34]}
{[%emt 00:00:42]} 42. h3 {[%clk 00:21:25]} {[%emt 00:00:27]} Kc5 {[%clk
00:01:36]} {[%emt 00:00:28]} 43. a4 {[%clk 00:21:38]} {[%emt 00:00:16]} Kd5
{[%clk 00:01:41]} {[%emt 00:00:26]} 44. a5 {[%clk 00:21:18]} {[%emt 00:00:49]}
Ke5 {[%clk 00:02:08]} {[%emt 00:00:03]} 45. Rb4 {[%clk 00:21:11]} {[%emt
00:00:37]} Kd5 {[%emt 00:02:01]} 1-0

[Event "Elite Hotels Open 2025"]
[Site "Elite Stadshotellet, Växjö, Sweden"]
[Date "2025.02.09"]
[Round "7.12"]
[White "Nilsson, Oliver"]
[Black "Trost, Martin"]
[Result "0-1"]
[TimeControl "R1-4: 15 min + 5 sek, R5-8: 90 min + 30 sek"]
[WhiteElo "2125"]
[BlackElo "1849"]

1. e4 {[%clk 01:10:01]} {[%emt 00:20:49]} c6 {[%clk 01:30:58]} {[%emt
00:00:11]} 2. d4 {[%clk 01:09:56]} {[%emt 00:00:36]} d5 {[%clk 01:31:22]}
{[%emt 00:00:06]} 3. exd5 {[%clk 01:09:38]} {[%emt 00:00:47]} cxd5 {[%clk
01:31:46]} {[%emt 00:00:06]} 4. c4 {[%clk 01:10:03]} {[%emt 00:00:06]} Nf6
{[%clk 01:31:48]} {[%emt 00:00:27]} 5. Nc3 {[%clk 01:10:24]} {[%emt 00:00:09]}
g6 {[%clk 01:29:21]} {[%emt 00:02:58]} 6. Qb3 {[%clk 01:09:19]} {[%emt
00:01:34]} Bg7 {[%clk 01:29:25]} {[%emt 00:00:25]} 7. cxd5 {[%clk 01:09:31]}
{[%emt 00:00:19]} O-O {[%clk 01:29:33]} {[%emt 00:00:22]} 8. Be2 {[%clk
01:09:42]} {[%emt 00:00:19]} Na6 {[%clk 01:29:37]} {[%emt 00:00:26]} 9. Bf3
{[%clk 01:07:45]} {[%emt 00:02:27]} Qb6 {[%clk 01:26:43]} {[%emt 00:03:24]} 10.
Qd1 {[%clk 01:06:59]} {[%emt 00:01:16]} Rd8 {[%clk 01:18:47]} {[%emt 00:08:26]}
11. Nge2 {[%clk 00:55:33]} {[%emt 00:11:56]} Nb4 {[%clk 01:12:19]} {[%emt
00:06:58]} 12. Nf4 {[%clk 00:32:21]} {[%emt 00:23:42]} Bf5 {[%clk 00:59:04]}
{[%emt 00:13:46]} 13. O-O {[%clk 00:28:36]} {[%emt 00:04:12]} g5 {[%clk
00:44:10]} {[%emt 00:15:26]} 14. Nh5 {[%clk 00:26:11]} {[%emt 00:02:54]} Nxh5
{[%clk 00:35:27]} {[%emt 00:09:14]} 15. Bxh5 {[%clk 00:26:27]} {[%emt
00:00:14]} Nc2 {[%clk 00:27:36]} {[%emt 00:08:21]} 16. Bxg5 {[%clk 00:20:54]}
{[%emt 00:06:03]} Nxa1 {[%clk 00:26:18]} {[%emt 00:01:48]} 17. Qxa1 {[%clk
00:20:55]} {[%emt 00:00:29]} Rd7 {[%clk 00:24:32]} {[%emt 00:02:15]} 18. Qc1
{[%clk 00:18:27]} {[%emt 00:02:59]} Bxd4 {[%clk 00:22:02]} {[%emt 00:03:00]} 19.
Rd1 {[%clk 00:11:29]} {[%emt 00:07:28]} Bxf2+ {[%clk 00:16:53]} {[%emt
00:05:40]} 20. Kf1 {[%clk 00:11:01]} {[%emt 00:00:58]} Bc5 {[%clk 00:04:01]}
{[%emt 00:13:22]} 21. d6 {[%clk 00:08:54]} {[%emt 00:02:36]} Bxd6 {[%clk
00:01:28]} {[%emt 00:03:04]} 22. Nd5 {[%clk 00:09:01]} {[%emt 00:00:22]} Qc5
{[%clk 00:01:18]} {[%emt 00:00:40]} 23. Qd2 {[%clk 00:05:51]} {[%emt 00:03:40]}
Bxh2 {[%clk 00:01:19]} {[%emt 00:00:29]} 24. Bf3 {[%clk 00:03:45]} {[%emt
00:02:36]} Be6 {[%clk 00:00:39]} {[%emt 00:01:10]} 25. b4 {[%clk 00:01:26]}
{[%emt 00:02:49]} Qc4+ {[%clk 00:00:51]} {[%emt 00:00:18]} 26. Kf2 {[%clk
00:01:28]} {[%emt 00:00:28]} Bxd5 {[%clk 00:00:39]} {[%emt 00:00:43]} 27. Bxd5
{[%clk 00:01:48]} {[%emt 00:00:09]} Qxd5 {[%clk 00:00:35]} {[%emt 00:00:34]} 28.
Qxd5 {[%clk 00:01:58]} {[%emt 00:00:19]} Rxd5 {[%clk 00:01:05]} 29. Rxd5 {[%clk
00:02:20]} {[%emt 00:00:09]} Bd6 {[%clk 00:01:28]} {[%emt 00:00:06]} 30. Bh6
{[%clk 00:01:46]} {[%emt 00:01:04]} f6 {[%clk 00:01:52]} {[%emt 00:00:06]} 31.
a3 {[%clk 00:01:35]} {[%emt 00:00:42]} Rc8 {[%clk 00:02:10]} {[%emt 00:00:11]}
32. Be3 {[%clk 00:01:49]} {[%emt 00:00:17]} Rc2+ {[%clk 00:02:01]} {[%emt
00:00:38]} 33. Kf3 {[%clk 00:02:12]} {[%emt 00:00:07]} Rc3 {[%clk 00:02:14]}
{[%emt 00:00:17]} 34. Ra5 {[%clk 00:02:35]} {[%emt 00:00:06]} a6 {[%clk
00:02:25]} {[%emt 00:00:20]} 35. Ke4 {[%clk 00:02:59]} {[%emt 00:00:06]} Bc7
{[%clk 00:01:22]} {[%emt 00:01:32]} 36. Rd5 {[%clk 00:02:21]} {[%emt 00:01:08]}
Rxa3 {[%clk 00:01:16]} {[%emt 00:00:37]} 37. Rd7 {[%clk 00:02:48]} {[%emt
00:00:03]} Bd6 {[%clk 00:01:33]} {[%emt 00:00:13]} 38. Bh6 {[%clk 00:02:37]}
{[%emt 00:00:42]} Bxb4 {[%clk 00:01:16]} {[%emt 00:00:47]} 39. Rxb7 {[%clk
00:01:40]} {[%emt 00:01:25]} Bd6 {[%clk 00:01:36]} {[%emt 00:00:11]} 40. Ra7
{[%clk 00:00:57]} {[%emt 00:01:13]} Kf7 {[%clk 00:01:08]} {[%emt 00:00:58]} 41.
Kd5 {[%clk 00:01:07]} {[%emt 00:00:21]} Ra5+ {[%clk 00:01:01]} {[%emt
00:00:37]} 42. Kc6 {[%clk 00:01:28]} {[%emt 00:00:08]} Rh5 {[%clk 00:01:01]}
{[%emt 00:00:30]} 43. Be3 {[%clk 00:01:33]} {[%emt 00:00:24]} a5 {[%clk
00:01:24]} {[%emt 00:00:08]} 44. g4 {[%clk 00:01:36]} {[%emt 00:00:27]} Re5
{[%clk 00:01:39]} {[%emt 00:00:15]} 45. Bb6 {[%clk 00:00:50]} {[%emt 00:01:15]}
Rg5 {[%clk 00:00:57]} {[%emt 00:01:14]} 46. Bxa5 {[%clk 00:01:10]} {[%emt
00:00:10]} Rxg4 {[%clk 00:01:17]} {[%emt 00:00:10]} 47. Bb6 {[%clk 00:00:32]}
{[%emt 00:01:06]} h5 {[%clk 00:01:28]} {[%emt 00:00:20]} 48. Ra5 {[%clk
00:00:33]} {[%emt 00:00:29]} Rg5 {[%clk 00:01:25]} {[%emt 00:00:33]} 49. Rxg5
{[%clk 00:00:37]} {[%emt 00:00:25]} fxg5 {[%clk 00:01:51]} {[%emt 00:00:05]} 50.
Kd5 {[%clk 00:01:00]} {[%emt 00:00:06]} Kf6 {[%clk 00:02:06]} {[%emt 00:00:15]}
51. Ke4 {[%clk 00:01:23]} {[%emt 00:00:08]} h4 {[%clk 00:01:47]} {[%emt
00:00:49]} 52. Kf3 {[%clk 00:00:45]} {[%emt 00:01:07]} Kf5 {[%clk 00:02:12]}
{[%emt 00:00:06]} 53. Kg2 {[%clk 00:00:59]} {[%emt 00:00:16]} g4 {[%clk
00:02:28]} {[%emt 00:00:14]} 54. Ba7 {[%clk 00:00:50]} {[%emt 00:00:39]} Bg3
{[%clk 00:02:48]} {[%emt 00:00:10]} 55. Bc5 {[%clk 00:01:02]} {[%emt 00:00:18]}
e5 {[%clk 00:03:11]} {[%emt 00:00:07]} 56. Be3 {[%clk 00:00:58]} {[%emt
00:00:34]} Ke4 {[%clk 00:03:34]} {[%emt 00:00:06]} 57. Bg5 {[%clk 00:01:09]}
{[%emt 00:00:19]} Kd3 {[%clk 00:03:58]} {[%emt 00:00:07]} 58. Kh1 {[%clk
00:00:58]} {[%emt 00:00:40]} e4 {[%clk 00:04:10]} {[%emt 00:00:19]} 59. Bd8
{[%clk 00:01:16]} {[%emt 00:00:12]} e3 {[%clk 00:04:32]} {[%emt 00:00:08]} 0-1